Siyasi hatıralar (Record no. 2661)

MARC details
000 -BAŞLIK
Sabit Uzunlukta Kontrol Alanı 01034na a2200325 4500
001 - KONTROL NUMARASI
Denetim Alanı 14374
003 - KONTROL NUMARASI IDENTIFIER
Denetim Alanı MIRAKIL
005 - SON İŞLEM TARİHİ VE ZAMANI
Denetim Alanı 20181213154905.0
008 - SABİT-BOY VERİ ELEMANLARI - GENEL BİLGİLER
Sabit Uzunlukta Kontrol Alanı 160901b tu 000 0
020 ## - ULUSLARARASI STANDART KİTAP NUMARASI
Uluslararası Standart Kitap Numarası 9756803134 (C.3)
020 ## - ULUSLARARASI STANDART KİTAP NUMARASI
Uluslararası Standart Kitap Numarası 9759473089 (C.2)
020 ## - ULUSLARARASI STANDART KİTAP NUMARASI
Uluslararası Standart Kitap Numarası 9756803126 (C.1)
020 ## - ULUSLARARASI STANDART KİTAP NUMARASI
Uluslararası Standart Kitap Numarası 9756803126 (tk.)
035 ## - SİSTEM KONTROL NUMARASI
Sistem Kontrol Numarası 14374
040 ## - KATALOGLAMA KAYNAK
Orijinal Kataloglama Ajansı Milas
Kataloglama Dili tur
Metne Dönüştürmek Ajansı TR-AnCHP
082 ## - DEWEY ONLU SINIFLANDIRMA NUMARASI
Sınıflandırma Numarası CHP 923.2 Barutçu,F.A.
Ürün Numarası B26s 2001
090 ## - SINIFLAMA NUMARASI
Sınıflama Numarası CHP 923.2 Barutçu,F.A. B26s 2001
100 ## - ANA GİRİŞ - KİŞİSEL İSİM
Kişisel Ad Barutçu, Faik Ahmet
245 ## - BAŞLIK TABLOSU
Başlık Siyasi hatıralar
Başlığın Kalan milli mücadeleden demokrasiye
Sorumluluk Tablosu, Vb Faik Ahmet Barutçu ; yayına hazırlayan : Mustafa Everdi
246 ## - UNVAN FORM VARYING
Başlık Doğru / Kısa Başlığı Milli mücadeleden demokrasiye
260 ## - YAYIN, DAĞITIM, VB
Yayın, Dağıtım, Vb Yeri Ankara
Yayıncı, Dağıtıcı, Vs Adı 21. Yüzyıl Yayınları
Yayın, Dağıtım, Vb Tarihi 2001
300 ## - FİZİKSEL TANIM
Kapsam 640 s.
Boyutlar 20 sm.
490 ## - SERİSİ TABLOSU
Seri Beyanı Hatıra serisi
Hacim / Ardışık Tanımı 3
490 ## - SERİSİ TABLOSU
Seri Beyanı 21. Yüzyıl yayınları
Hacim / Ardışık Tanımı 16
600 ## - KONU KATMA GİRİŞ - KURUMSAL ADI
Kişisel Ad Barutçu, Faik Ahmet
Bir Adıyla İlişkilendirilen Tarihler 1894-1959
Genel Alt Bölümü Anılar
650 ## - KONU KATMA GİRİŞ - TOPİKAL DÖNEM
Topikal Süreli Veya Coğrafi Ad Giriş Elemanı CHP
Genel Alt Bölümü Anılar
650 ## - KONU KATMA GİRİŞ - TOPİKAL DÖNEM
Topikal Süreli Veya Coğrafi Ad Giriş Elemanı Siyasal yaşam
Genel Alt Bölümü Anılar
Coğrafi Alt Bölümü Türkiye
700 ## - KATMA GİRİŞ - KİŞİSEL İSİM
Kişisel Ad Everdi, Mustafa
942 ## - EKLENDİ GİRİŞ ELEMANLARI (KOHA)
Sınıflandırma Veya Raf Düzeni Kaynak Dewey Decimal Classification
Koha Öğesi Türü Books
999 ## - SİSTEM KONTROL NUMARALARI (KOHA)
Koha Biblionumber 2661
Koha Biblioitemnumber 2661
Holdings
Kalıcı Konum Mevcut Konum Edinme Tarihi Edinim Kaynak Toplam Check-Out'Lar Tam Çağrı Numarası Barkod Tarih Son Görülme İtibaren Geçerli Fiyatlar Koha Öğesi Türü Seri Numaralandırma / Kronolojik Kopya Sayısı
CHP Kütüphanesi CHP Kütüphanesi 08/26/2016 Bağış   CHP 923.2 Barutçu,F.A. B26s 2001 001886 08/26/2016 08/26/2016 Books    
CHP Kütüphanesi CHP Kütüphanesi 08/26/2016 Bağış   CHP 923.2 Barutçu,F.A. B26s 2001 001887 08/26/2016 08/26/2016 Books    
CHP Kütüphanesi CHP Kütüphanesi 08/26/2016 Bağış   CHP 923.2 Barutçu,F.A. B26s 2001 001888 08/26/2016 08/26/2016 Books c.2  
CHP Kütüphanesi CHP Kütüphanesi 08/26/2016 Bağış   CHP 923.2 Barutçu,F.A. B26s 2001 001889 08/26/2016 08/26/2016 Books c.3 k.2
CHP Kütüphanesi CHP Kütüphanesi 08/26/2016 Bağış   CHP 923.2 Barutçu,F.A. B26s 2001 001890 08/26/2016 08/26/2016 Books c.2 k.2
CHP Kütüphanesi CHP Kütüphanesi 08/26/2016 Bağış   CHP 923.2 Barutçu,F.A. B26s 2001 001891 08/26/2016 08/26/2016 Books   k.2